Coordination in the fight against collusion (Record no. 525945)

000 -LEADER
fixed length control field 01478nam a22001577a 4500
008 - FIXED-LENGTH DATA ELEMENTS--GENERAL INFORMATION
fixed length control field 240426b ||||| |||| 00| 0 eng d
100 ## - MAIN ENTRY--PERSONAL NAME
Personal name Iossa, Elisabetta
245 ## - TITLE STATEMENT
Title Coordination in the fight against collusion
260 ## - PUBLICATION, DISTRIBUTION, ETC. (IMPRINT)
Place of publication, distribution, etc American Economic Journal: Microeconomics
300 ## - PHYSICAL DESCRIPTION
Extent 16(1), Feb, 2024: p.224-261
520 ## - SUMMARY, ETC.
Summary, etc While antitrust authorities strive to detect, prosecute, and thereby deter collusive conduct, entities harmed by that conduct are also advised to pursue their own strategies to deter collusion. The implications of such delegation of deterrence have largely been ignored, however. In a procurement context, we find that buyers may prefer to accommodate rather than deter collusion among their suppliers. We also show that a multimarket buyer, such as a centralized procurement authority, may optimally deter collusion when multiple independent buyers would not, consistent with the view that "large" buyers are less susceptible to collusion.- Reproduced

https://www.aeaweb.org/articles?id=10.1257/mic.20220194#:~:text=By%20contrast%2C%20there%20is%20never,collusive%20conduct%20by%20their%20suppliers.
650 ## - SUBJECT ADDED ENTRY--TOPICAL TERM
Topical term or geographic name as entry element Antitrust Authorities, Collusive Conduct, Delegation of Deterrence, Procurement Context, Buyer Strategies, Multimarket Buyer, Centralized Procurement Authority, Large Buyers, Susceptibility to Collusion.
9 (RLIN) 51897
773 ## - HOST ITEM ENTRY
Main entry heading American Economic Journal: Microeconomics
906 ## - LOCAL DATA ELEMENT F, LDF (RLIN)
Subject DIP MICRO-ECONOMICS
942 ## - ADDED ENTRY ELEMENTS (KOHA)
Item type Articles
Holdings
Withdrawn status Lost status Source of classification or shelving scheme Damaged status Not for loan Permanent location Current location Date acquired Serial Enumeration / chronology Barcode Date last seen Koha item type
          Indian Institute of Public Administration Indian Institute of Public Administration 2024-04-26 16(1), Feb, 2024: p.224-261 AR131738 2024-04-26 Articles

Powered by Koha